| 000 | 00430nam a2200169Ia 4500 | ||
|---|---|---|---|
| 008 | 230524s9999 xx 000 0 und d | ||
| 020 | _a9789380578569 | ||
| 082 |
_a620.1123 _bIYE |
||
| 100 |
_aR.N.Iyengar _942941 |
||
| 245 | 0 | _aElements of Mechanical Vibration | |
| 250 | _a1 | ||
| 260 |
_aNew Delhi _bI.K.International _c2013 |
||
| 300 | _a"VII,274p;" | ||
| 500 | _aQuantity Number: 1 | ||
| 650 | _aMechanics | ||
| 942 | _cBK | ||
| 999 |
_c57902 _d57902 |
||